000 00346nam a2200145Ia 4500
008 230917s9999||||xx |||||||||||||| ||und||
040 _e151687
_aMAIN
041 _aEnglish
082 _a294.1 A96V
100 _aArya, Ravi Prakash
245 0 _aVedic meteorology
260 _aDelhi
_bParimal Prakashan
_c1995
300 _a175 p.
942 _cBK
999 _c85617
_d85617